| 000 | 00502nam a2200193Ia 4500 | ||
|---|---|---|---|
| 008 | 131103s9999 xx 000 0 und d | ||
| 020 | _a9813091134 | ||
| 040 | _aLoreto College | ||
| 041 | _aEnglish | ||
| 082 |
_a001.6425/USI _bLCLIB/36208 |
||
| 245 | _aUsing 1-2-3 | ||
| 260 |
_aSingapore _bTech Publication _c1987 |
||
| 300 |
_a905p. _c 22cm. |
||
| 440 | _aUnderstanding computers | ||
| 504 | _aDevelopent by corporation | ||
| 650 | _aComputer | ||
| 850 | _aLCLIB/001.6425/USI | ||
| 942 | _cBK | ||
| 999 |
_c22965 _d73444 |
||